000 00416 a2200169 4500
003 Nust
005 20170207153215.0
040 _cNust
082 _a005.1
100 _aZareef, Kashif ( MSCS-13)
245 _aMosaic image construction from video
_cKashif Zareef
260 _bMCS,NUST
_c2009
_aRawalpindi
300 _aix, 59 ,p.;
538 _aAlmirah No 69 Shelf No 4
650 _aPG Thesis
651 _aMSCS-13
942 _cTHS
999 _c181540
_d181540